| 000 | 00347nam a2200109 4500 | ||
|---|---|---|---|
| 008 | 240730b |||||||| |||| 00| 0 eng d | ||
| 040 |
_aNational Science Library _cNational Science Library |
||
| 245 | _aKurrens kulfoldi perioikus kiadvanyok az akademiai intezeti konytarakban | ||
| 260 |
_aBudapest: _c1964 |
||
| 300 | _aix, 519p. | ||
| 942 |
_2udc _cBK |
||
| 999 |
_c65263 _d65263 |
||